Marine environmental pollution, v. 2. Dumping and mining. / (Record no. 2803)

000 -LEADER
fixed length control field 00823nam a2200253 4500
006 - FIXED-LENGTH DATA ELEMENTS--ADDITIONAL MATERIAL CHARACTERISTICS--GENERAL INFORMATION
fixed length control field a||||go||d| 00| 0
007 - PHYSICAL DESCRIPTION FIXED FIELD--GENERAL INFORMATION
fixed length control field cr |||||||||||
008 - FIXED-LENGTH DATA ELEMENTS--GENERAL INFORMATION
fixed length control field 861201s1981 enka o 001 0 eng d
020 ## - INTERNATIONAL STANDARD BOOK NUMBER
International Standard Book Number 9780444418555
Terms of availability (ebook)
040 ## - CATALOGING SOURCE
Original cataloging agency IMU Kochi Library
Language of cataloging eng
082 00 - DEWEY DECIMAL CLASSIFICATION NUMBER
Classification number 574.52636
Edition number 23
245 00 - TITLE STATEMENT
Title Marine environmental pollution, v. 2. Dumping and mining. /
260 ## - PUBLICATION, DISTRIBUTION, ETC. (IMPRINT)
Place of publication, distribution, etc London :
Name of publisher, distributor, etc Elsevier Scientific Pub. Co. ;
Place of publication, distribution, etc :
Date of publication, distribution, etc 1981.
300 ## - PHYSICAL DESCRIPTION
Extent 1 online resource
490 0# - SERIES STATEMENT
Series statement Elsevier oceanography series ;
Volume number/sequential designation v. 27A-27B
504 ## - BIBLIOGRAPHY, ETC. NOTE
Bibliography, etc Includes bibliographies and indexes.
505 0# - FORMATTED CONTENTS NOTE
Formatted contents note v. 2. Dumping and mining.
650 #0 - SUBJECT ADDED ENTRY--TOPICAL TERM
Topical term or geographic name as entry element Marine pollution.
700 1# - ADDED ENTRY--PERSONAL NAME
Personal name Geyer, Richard A.
Relator term Editor
852 ## - LOCATION/CALL NUMBER
Location IMU Kochi Library
856 40 - ELECTRONIC LOCATION AND ACCESS
Uniform Resource Identifier <a href="https://www.sciencedirect.com/science/book/9780444418555">https://www.sciencedirect.com/science/book/9780444418555</a>
904 ## - LOCAL DATA ELEMENT D, LDD (RLIN)
CATALOGER Akhil Bose
942 ## - ADDED ENTRY ELEMENTS (KOHA)
Item type E-Book

No items available.



Copyright © All Rights Reserved by Indian Maritime University, Kochi Campus.
For any Suggestions/Query Contact to library or Email: library.kochi@imu.ac.in Ph:(0484)-2989402
(Web OPAC Designed by Rudra Ranjan. Maintained by IMU Kochi Library)

Powered by Koha